000 00749nam a2200217Ia 4500
003 OSt
005 20220720144353.0
008 210716s2018 xx 000 0 und d
020 _a9781788398299
040 _cAIMIT LIBRARY
041 _aeng
082 _a005.448
_21
_bSONM
100 _aSoni, Mitesh.
_951880
245 _aPractical AWS networking :
_bbuild and manage complex networks using services such as amazon VPC elastic load balancing direct connect and amazon route 53 /
_cBy Mitesh soni.
250 _a1st ed.
260 _aMumbai :
_bPackt Publishing Ltd ,
_c2018 .
300 _aii, 254p. ;
_bPB
_c23.5 cm.
650 _aElastic load balancing
_951881
650 _aAWS direct connect
_951882
942 _2ddc
_cBK
_e1st
_k005.448 SONM
999 _c196710
_d196710